<?xml version="1.0" encoding="UTF-8"?>
<record
    xmlns:xsi="http://www.w3.org/2001/XMLSchema-instance"
    xsi:schemaLocation="http://www.loc.gov/MARC21/slim http://www.loc.gov/standards/marcxml/schema/MARC21slim.xsd"
    xmlns="http://www.loc.gov/MARC21/slim">

  <leader>05760njm a2200685Ia 4500</leader>
  <controlfield tag="001">C8708</controlfield>
  <controlfield tag="003">IT-RoPAU</controlfield>
  <controlfield tag="005">20220918181114.0</controlfield>
  <controlfield tag="008">131025s9999    xx            000 0 und d</controlfield>
  <datafield tag="040" ind1=" " ind2=" ">
    <subfield code="a">IT-RoPAU</subfield>
  </datafield>
  <datafield tag="040" ind1=" " ind2=" ">
    <subfield code="c">IT-RoPAU</subfield>
  </datafield>
  <datafield tag="041" ind1=" " ind2=" ">
    <subfield code="a">ITALIANO</subfield>
  </datafield>
  <datafield tag="999" ind1=" " ind2=" ">
    <subfield code="c">99274</subfield>
    <subfield code="d">99274</subfield>
  </datafield>
  <datafield tag="999" ind1=" " ind2=" ">
    <subfield code="b">n.d.</subfield>
  </datafield>
  <datafield tag="100" ind1=" " ind2=" ">
    <subfield code="a">AA.VV.</subfield>
    <subfield code="9">794</subfield>
  </datafield>
  <datafield tag="100" ind1=" " ind2=" ">
    <subfield code="e">Autore musica</subfield>
    <subfield code="9">30521</subfield>
  </datafield>
  <datafield tag="100" ind1=" " ind2=" ">
    <subfield code="g">Codice autore musica SPICS: 12000</subfield>
    <subfield code="9">796</subfield>
  </datafield>
  <datafield tag="245" ind1=" " ind2=" ">
    <subfield code="a">Top of the Spot Classic</subfield>
  </datafield>
  <datafield tag="250" ind1=" " ind2=" ">
    <subfield code="a">1a ed.</subfield>
  </datafield>
  <datafield tag="260" ind1=" " ind2=" ">
    <subfield code="a">LONDON</subfield>
  </datafield>
  <datafield tag="260" ind1=" " ind2=" ">
    <subfield code="b">DECCA RECORD COMPANY</subfield>
    <subfield code="c">1995 [1a Ed.:1995]</subfield>
  </datafield>
  <datafield tag="300" ind1=" " ind2=" ">
    <subfield code="a">COMPACT DISC</subfield>
  </datafield>
  <datafield tag="300" ind1=" " ind2=" ">
    <subfield code="c">65 minuti (Testo: 0 pag.)</subfield>
  </datafield>
  <datafield tag="500" ind1=" " ind2=" ">
    <subfield code="a">Spot tv. I 19 pi&#xF9; bei brani di musica classica della pubblicit&#xE0;.</subfield>
  </datafield>
  <datafield tag="505" ind1=" " ind2=" ">
    <subfield code="a">Habanera [(Carmen suite n. 2) (utilizzato nello spot televisivo  Aiax "Carmen") (3:00)] - Il volo del calabrone [(utilizzato nello spot televisivo Nuova Polo Volkswagen) (2:00)] - Hallelujah [(Messiah) (utilizzato nello spot televisivo Yogurt Yomo Alleluya) (4:00)] - V&#xE0; pensiero [(Nabucco) (utilizzato nello spot televisivo Polti Vaporella) (3:00)] - Pomp &amp; Circumstance, marcia n. 1 [(utilizzato nello spot televisivo Tantum Verde Laboratori Farmaceutici Angelini) (3:00)] - Coriolano, ouverture op. 62 [(utilizzato nello spot televisivo Petrus) (9:00)] - Il mattino [(utilizzato nel Carosello Anni '60 Olio Sasso) (3:00)] - Danza di anitra [(utilizzato nello spot televisivo Freschezze di Spic &amp; Span) (4:00)] - Libiamo (La Traviata) (Pavarotti Luciano) [(utilizzato nello spot televisivo Jobe di Ariel) (3:00)] - Oh mio babbino caro [(Gianni Schicchi) (Tebaldi Renata) (utilizzato nello spot televisivo Mulino Bianco citt&#xE0; di Roma) (3:00)] - Romanza n .2 per violino e orchestra [(utilizzato nello spot televisivo Vecchia Romagna Etichetta Nera) (2:00)] - Il signor Bruschino, ouverture [(utilizzato nello spot televisivo Conte di Cavour Riserva '93 - Barbero 1891) (5:00)] - Mattinata [(Pavarotti Luciano) (utilizzato nello spot televisivo Sanagola) (2:00)] - Pa Pa Pa Pa [(Il flauto magico) (Leitner Lotte) (utilizzato nello spot televisivo Acqua Uliveto) (3:00)] - Un bel d&#xEC; vedremo [(Madama Butterfly) (Freni Mirella) (utilizzato nello spot televisivo Orologi Butterfly Mondia) (5:00)] - La cenerentola, ouverture [(utilizzato nello spot televisivo Grana Padano) (3:00)] - Tannhauser, ouverture [(utilizzato nello spot televisivo Olio Maya) (6:00)] - Intermezzo [(Cavalleria rusticana) (utilizzato nello spot televisivo Stet) (4:00)] - 'O sole mio [(Pavarotti Luciano) (utilizzato nello spot televisivo Audi) (4:00)]</subfield>
  </datafield>
  <datafield tag="511" ind1=" " ind2=" ">
    <subfield code="a">Orchestre Symphonique del Montral diretta da Dutoit Charles</subfield>
  </datafield>
  <datafield tag="511" ind1=" " ind2=" ">
    <subfield code="a">Philharmonia Orchestra diretta da Ashkenazy Vladimir</subfield>
  </datafield>
  <datafield tag="511" ind1=" " ind2=" ">
    <subfield code="a">Chicago Symphony Orchestra &amp; Chorus diretta da Solti Georg</subfield>
  </datafield>
  <datafield tag="511" ind1=" " ind2=" ">
    <subfield code="a">Chicago Symphony Orchestra &amp; Chorus diretta da Solti Georg</subfield>
  </datafield>
  <datafield tag="511" ind1=" " ind2=" ">
    <subfield code="a">London Philharmonic Orchestra diretta da Solti Georg</subfield>
  </datafield>
  <datafield tag="511" ind1=" " ind2=" ">
    <subfield code="a">Chicago Symphony Orchestra diretta da Solti Georg</subfield>
  </datafield>
  <datafield tag="511" ind1=" " ind2=" ">
    <subfield code="a">Wiener Philharmoniker diretti da Karajan Herbert Von</subfield>
  </datafield>
  <datafield tag="511" ind1=" " ind2=" ">
    <subfield code="a">San Francisco Symphony diretta da Blomstedt Herbert</subfield>
  </datafield>
  <datafield tag="511" ind1=" " ind2=" ">
    <subfield code="a">National Philharmonic Orchestra diretta da Bonynge Richard</subfield>
  </datafield>
  <datafield tag="511" ind1=" " ind2=" ">
    <subfield code="a">Orchestra del Maggio Musicale Fiorentino diretta da Gardelli Lamberto</subfield>
  </datafield>
  <datafield tag="511" ind1=" " ind2=" ">
    <subfield code="a">Vienna Mozart Ensemble diretta da Boskovsky Willi</subfield>
  </datafield>
  <datafield tag="511" ind1=" " ind2=" ">
    <subfield code="a">National Philharmonic Orchestra diretta da Chailly Riccardo</subfield>
  </datafield>
  <datafield tag="511" ind1=" " ind2=" ">
    <subfield code="a">Philharmonia Orchestra diretta da Gamba Piero</subfield>
  </datafield>
  <datafield tag="511" ind1=" " ind2=" ">
    <subfield code="a">Wiener Philharmoniker diretti da Solti Georg</subfield>
  </datafield>
  <datafield tag="511" ind1=" " ind2=" ">
    <subfield code="a">Wiener Philharmoniker diretti da Karajan Herbert Von</subfield>
  </datafield>
  <datafield tag="511" ind1=" " ind2=" ">
    <subfield code="a">Orchestre Symphonique De Montreal diretta da Dutoit Charles</subfield>
  </datafield>
  <datafield tag="511" ind1=" " ind2=" ">
    <subfield code="a">Chicago Symphonique Orchestra diretta da Solti Georg</subfield>
  </datafield>
  <datafield tag="511" ind1=" " ind2=" ">
    <subfield code="a">National Philharmonic Orchestra diretta da Gavazzeni Gianandrea</subfield>
  </datafield>
  <datafield tag="511" ind1=" " ind2=" ">
    <subfield code="a">National Philharmonic Orchestra diretta da Chiaramello Giancarl</subfield>
  </datafield>
  <datafield tag="650" ind1=" " ind2=" ">
    <subfield code="a">SPOT TV [COMPACT DISC]</subfield>
    <subfield code="e">Codice MATERIA SPICS: 9949</subfield>
    <subfield code="9">30522</subfield>
  </datafield>
  <datafield tag="700" ind1=" " ind2=" ">
    <subfield code="a">Bizet Georges</subfield>
    <subfield code="d">Codice autore musica SPICS: 10724</subfield>
    <subfield code="e">Autore musica</subfield>
    <subfield code="p">Habanera (Carmen suite n. 2)</subfield>
    <subfield code="9">30523</subfield>
  </datafield>
  <datafield tag="700" ind1=" " ind2=" ">
    <subfield code="a">Korsakoff R.</subfield>
    <subfield code="d">Codice autore musica SPICS: 27577</subfield>
    <subfield code="e">Autore musica</subfield>
    <subfield code="p">Il volo del calabrone</subfield>
    <subfield code="9">30524</subfield>
  </datafield>
  <datafield tag="700" ind1=" " ind2=" ">
    <subfield code="a">Handel Georg Friedrich</subfield>
    <subfield code="d">Codice autore musica SPICS: 5619</subfield>
    <subfield code="e">Autore musica</subfield>
    <subfield code="p">Hallelujah (Messiah)</subfield>
    <subfield code="9">30525</subfield>
  </datafield>
  <datafield tag="700" ind1=" " ind2=" ">
    <subfield code="a">Verdi Giuseppe</subfield>
    <subfield code="d">Codice autore musica SPICS: 89</subfield>
    <subfield code="e">Autore musica</subfield>
    <subfield code="p">V&#xE0; pensiero (Nabucco) - Libiamo (La Traviata)</subfield>
    <subfield code="9">30526</subfield>
  </datafield>
  <datafield tag="700" ind1=" " ind2=" ">
    <subfield code="a">Elgar Edward</subfield>
    <subfield code="d">Codice autore musica SPICS: 10874</subfield>
    <subfield code="e">Autore musica</subfield>
    <subfield code="p">Pomp &amp; Circumstance, marcia n. 1</subfield>
    <subfield code="9">30527</subfield>
  </datafield>
  <datafield tag="700" ind1=" " ind2=" ">
    <subfield code="a">Beethoven Ludwig Van</subfield>
    <subfield code="d">Codice autore musica SPICS: 10721</subfield>
    <subfield code="e">Autore musica</subfield>
    <subfield code="p">Coriolano, ouverture op. 62 - Romanza n .2 per violino e orchestra</subfield>
    <subfield code="9">30528</subfield>
  </datafield>
  <datafield tag="700" ind1=" " ind2=" ">
    <subfield code="a">Grieg Edward</subfield>
    <subfield code="d">Codice autore musica SPICS: 10671</subfield>
    <subfield code="e">Autore musica</subfield>
    <subfield code="p">Il mattino - Danza di anitra</subfield>
    <subfield code="9">30529</subfield>
  </datafield>
  <datafield tag="700" ind1=" " ind2=" ">
    <subfield code="a">Puccini Giacomo</subfield>
    <subfield code="d">Codice autore musica SPICS: 11082</subfield>
    <subfield code="e">Autore musica</subfield>
    <subfield code="p">Oh mio babbino caro (Gianni Schicchi) - Un bel d&#xEC; vedremo (Madama Butterfly) - La cenerentola, ouverture</subfield>
    <subfield code="9">30530</subfield>
  </datafield>
  <datafield tag="700" ind1=" " ind2=" ">
    <subfield code="a">Rossini Gioachino</subfield>
    <subfield code="d">Codice autore musica SPICS: 11125</subfield>
    <subfield code="e">Autore musica</subfield>
    <subfield code="p">Il signor Bruschino, ouverture</subfield>
    <subfield code="9">30531</subfield>
  </datafield>
  <datafield tag="700" ind1=" " ind2=" ">
    <subfield code="a">Leoncavallo Ruggiero</subfield>
    <subfield code="d">Codice autore musica SPICS: 11470</subfield>
    <subfield code="e">Autore musica</subfield>
    <subfield code="p">Mattinata</subfield>
    <subfield code="9">30532</subfield>
  </datafield>
  <datafield tag="700" ind1=" " ind2=" ">
    <subfield code="a">Mozart Wolfgang Amadeus</subfield>
    <subfield code="d">Codice autore musica SPICS: 3486</subfield>
    <subfield code="e">Autore musica</subfield>
    <subfield code="p">Pa-Pa-Pa-Pa (Il flauto magico)</subfield>
    <subfield code="9">30533</subfield>
  </datafield>
  <datafield tag="700" ind1=" " ind2=" ">
    <subfield code="a">Wagner Richard</subfield>
    <subfield code="d">Codice autore musica SPICS: 563</subfield>
    <subfield code="e">Autore musica</subfield>
    <subfield code="p">Tannhauser, ouverture</subfield>
    <subfield code="9">30534</subfield>
  </datafield>
  <datafield tag="700" ind1=" " ind2=" ">
    <subfield code="a">Mascagni Pietro</subfield>
    <subfield code="d">Codice autore musica SPICS: 11012</subfield>
    <subfield code="e">Autore musica</subfield>
    <subfield code="p">Intermezzo (Cavalleria rusticana)</subfield>
    <subfield code="9">30535</subfield>
  </datafield>
  <datafield tag="700" ind1=" " ind2=" ">
    <subfield code="a">Di Capua Edoardo</subfield>
    <subfield code="d">Codice autore musica SPICS: 13138</subfield>
    <subfield code="e">Autore musica</subfield>
    <subfield code="p">'O sole mio</subfield>
    <subfield code="9">30536</subfield>
  </datafield>
  <datafield tag="942" ind1=" " ind2=" ">
    <subfield code="c">CD</subfield>
    <subfield code="2">ddc</subfield>
  </datafield>
  <datafield tag="952" ind1=" " ind2=" ">
    <subfield code="0">0</subfield>
    <subfield code="1">0</subfield>
    <subfield code="4">0</subfield>
    <subfield code="6">C_8708_000000000000000</subfield>
    <subfield code="7">1</subfield>
    <subfield code="a">SPICS</subfield>
    <subfield code="b">SPICS</subfield>
    <subfield code="d">2013-10-25</subfield>
    <subfield code="l">0</subfield>
    <subfield code="o">C8708</subfield>
    <subfield code="r">2013-10-25 00:00:00</subfield>
    <subfield code="w">2013-10-25</subfield>
    <subfield code="y">CD</subfield>
    <subfield code="z">Progr. Ins.: 1605 / N.Vol.: 1 / Copie: 1 - Copia rara: n.d. / date import: 01.01.2014 - By Epidotti, Trombetti, Vaglietti</subfield>
  </datafield>
</record>
